000 01421na a2200337 4500
001 23006
003 MIRAKIL
005 20181213155122.0
008 170306b tu 000 0
040 _aMilas
_btur
_cTR-AnCHP
041 _atur
082 _aCHP 324.956223
_bC36i 2009
090 _aCHP 324.9561 S31 2009
091 _aARŞİV-Seçimler-İl ve ilçeler
092 _aARŞİV-SEÇİM DEĞERLENDİRMELERİ
110 _aCumhuriyet Halk Partisi (CHP)
_bBursa İl Başkanlığı
245 _a2009 yerel seçim komisyonu raporu
_cCHP Bursa İl Başkanlığı ; hazırlayan İstikbal Gündoğdu
246 _a2010 referandumu değerlendirme raporu
246 _aCHP Bursa ilçe başkanlığı 2009 yerel seçimleri değerlendirme raporu
260 _aBursa
_bCHP Bursa İl Başkanlığı
_c2009
300 _ayklş. 60 s.
_btbl.
_c30 sm.
610 _aCHP
_xİl ve ilçe teşkilatları
_yKomisyon raporları
_zBursa
610 _aCHP
_bBursa İl Başkanlığı
_xSeçim sonuçları
_yYerel seçimler, 2009
_yDeğerlendirmeler
650 _aSeçimler
_xDeğerlendirmeler
_zTürkiye
651 _aTürkiye
_xYerel seçimler, 2009
_yDeğerlendirmeler
700 _aGündoğdu, İstikbal
740 _a2009 Seçim sonuçlarının değerlendirilmesi
740 _aCHP Bursa ilçe başkanlığı 2009 yerel seçimleri değerlendirmesi
942 _2ddc
_cBKS
999 _c6883
_d6883